Normal view
MARC view
Entry Término temático
001 - NÚMERO DE CONTROL
- campo de control: 30708
003 - IDENTIFICADOR DEL NÚMERO DE CONTROL
- campo de control: OSt
005 - FECHA Y HORA DE LA ÚLTIMA TRANSACCIÓN
- campo de control: 20200615033247.0
008 - DATOS DE LONGITUD FIJA
- campo de control de longitud fija: 200615|| aca||aabn | a|a d
040 ## - FUENTE DE LA CATALOGACIÓN
- Centro catalogador/agencia de origen: OSt
- Centro/agencia transcriptor: OSt
150 ## - ENCABEZAMIENTO--TÉRMINO DE MATERIA
- Término de materia o nombre geográfico como elemento de entrada: PODER JUDICIAL
- Subdivisión geográfica: REPÚBLICA DOMINICANA
- Subdivisión de forma: ENSAYOS, CONFERENCIAS, ETC
670 ## - FUENTE DE DATOS ENCONTRADOS
- Cita de la fuente: Work cat.: (OSt)13069: Herrera Billini, Hipólito, 1903-1965 30707, Discurso pronunciado por el presidente de la Suprema Corte de Justicia, el día 9 de enero 1950, día del Poder Judicial, al reanudarse las labores judiciales /, 1950.
